000 00611nam a2200193 a 4500
005 20140412111356.0
008 051104s19uu xx 00 eng d
020 _a0-02-684164-9
050 _aTR(GS 372.4
_bA1 L.1
100 _aAdams, Marilyn Jager
245 _aPhonics kit activity sheets /
_cMarilyn Jager Adams, et al.
250 _aTeacher's Edition
260 _aColumbus, Ohio :
_bSRA McGraw-Hill Comp,
_c2000.
300 _a193 p. ; ill.
440 _aSRA open court reading, Orange
650 _aReading
_xStudy and teaching
650 _aEnglish language
_xStudy and teaching
999 _c105410
_d105410